000
00493nam a2200169Ia 4500
008
090711s9999 xx 000 0 und d
082
_b
44378
100
_a
Sोंदवणकर सदानंद
245
_a
संत-समागम
260
_c
1982
300
_a
72
600
_a
Sोंदवणकर सदानंद
630
_a
संत-समागम
700
_a
Sोंदवणकर सदानंद
730
_a
संत-समागम
942
_c
BOOK
999
_c
286622
_d
286622